Box Office 2015 par images restreintes - Statistiques

Statistiques générales
  • Ce quiz a été pris 507 fois
  • Le résultat moyen est 9 sur 12
Statistiques - réponses
Par images Réponse % Correct
Star Wars, épisode VII : Le Réveil de la Force
98%
Les Minions
96%
Jurassic World
88%
Vice-versa
87%
Les Nouvelles Aventures d'Aladin
86%
Les Profs 2
86%
Fast and Furious 7
78%
Avengers : L'Ère d'Ultron
71%
Babysitting 2
67%
Cinquante nuances de Grey
67%
007 Spectre
60%
Le Labyrinthe : La Terre brûlée
42%
Aucun quiz correspondant
Distribution des résultats
% des personnes avec chaque résultat
Percentile par nombre de réponses
Votre historique - résultats
Vous n’avez pas pris ce quiz